01304nam a2200289 a 450000100100000000500170001000800410002704000250006804100380009308200180013110000240014924000510017324500950022426000290031930000260034849000400037453400580041450400320047265000210050470000420052583000450056704900090061295201220062195201270074395201270087099900170099700002438520200930022949.0110126s1972 sp r 000 0 spa d aDO-SdBNPbspacBNPHU17aspaheng2Código de idioma MARC a297.63bS713q1 aSordi, Italo95000810aChe cosa ha vermente detto Mahoma.lEspañol.10aQué ha dicho verdaderamente Mahoma /cI. Sordi ; traducción, María Esther Benítez. aMadrid :bDoncel,c1972. a185, [7] p. ;c18 cm.1 aQué ha dicho verdaderamente ;v13 aTítulo original:tChe cosa ha vermente detto Mahoma aBibliografías: p. 183-185 4aIslamismo9415361 aBenítez, María Estheretr.933186 0aQué ha dicho verdaderamentev13933187 aBNGR 001054708MOaGRbGRcCTd2011-01-26iLF1l0o297.63 S713qp24385-10r2020-06-25w2020-06-25y4ZPréstamo en sala 001054728MOaGRbGRcCTd2011-01-26iLF1l0o297.63 S713qp24385-20r2020-06-25te.2w2020-06-25y4ZPréstamo en sala 001054708MOaGRbGRcCTd2011-01-26iLF1l0o297.63 S713qp24385-30r2020-06-25te.3w2020-06-25y4ZPréstamo en sala c23878d23878